Object-oriented programming with ActionScript 2.0

Bibliographic Details
Main Authors: Tapper, Jeff (Author), Haffner, Robin (Author), Talbot, James (Author)
Format: Book
Language:English
Published: Indianapolis, IN : New Riders , c2004
Series:Voices that matter
Subjects:

MARC

LEADER 00000cam a2200000 7i4500
001 0000004453
005 20070327093000.0
008 060725s2004 inu eng
020 |a 0735713804 
090 0 0 |a QA76.64   |b .T37 2004 
100 1 |a Tapper, Jeff ,   |e author 
245 1 0 |a Object-oriented programming with ActionScript 2.0   |c Jeff Tapper, James Talbot, and Robin Haffner 
260 2 |a Indianapolis, IN :   |b New Riders ,   |c c2004 
300 |a xxv, 476 p. :   |b ill. ;   |c 25 cm. 
440 0 |a Voices that matter 
504 |a Includes index 
650 0 |a ActionScript (Computer program language) 
650 0 |a Object-oriented programming (Computer science) 
700 1 |a Haffner, Robin ,   |e author 
700 1 |a Talbot, James ,   |e author 
999 |a 1000105415   |b Book   |c OPEN SHELF (30 DAYS)   |e Tembila Campus